Notas para la definición de la cultura

Сохранить в:
Библиографические подробности
Главный автор: ELIOT, THOMAS STEARNS (Автор)
Формат:
Язык:испанский
Опубликовано: Buenos Aires Emecé 1949
Предметы:
Метки: Добавить метку
Нет меток, Требуется 1-ая метка записи!

MARC

LEADER 00000nam a2200000 a 4500
001 UCZ1352
003 CL-VaPUC
008 950824e19490000AG |||||||||||||||||spa|d
082 0 4 |a 820.9  |b ELI  |2 21 
100 |a ELIOT, THOMAS STEARNS  |e author  |9 265954 
245 1 0 |a Notas para la definición de la cultura 
300 |a 201 p 
942 |c BK 
945 |d 19950824 00:00:00  |a aalvarez 
260 |a Buenos Aires  |b Emecé  |c 1949 
650 0 |a Ensayos ingleses  |9 265096 
650 0 |a Literatura inglesa  |9 312907 
583 |a last modification  |c 19950824 00:00:00  |k Rodrigo Vera 
999 |c 238106  |d 238104 
952 |0 0  |1 0  |4 0  |6 820_900000000000000_ELI_1949  |7 0  |8 P  |9 248099  |a BIBEDU  |b BIBEDU  |c BIBEDU_PB  |d 2019-11-18  |i 3122166  |o 820.9 ELI 1949  |p 3122166  |r 2024-01-25  |w 2019-11-18  |y BK  |k FIL